<?xml version="1.0" encoding="UTF-8"?>
<marc:record xmlns:marc="http://www.loc.gov/MARC21/slim">
   <marc:leader>00000nam a2200000 a 4500</marc:leader>
   <marc:datafield ind1="1" ind2=" " tag="100">
      <marc:subfield code="a">Greenwood, Susan</marc:subfield>
      <marc:subfield code="4">aut</marc:subfield>
      <marc:subfield code="e">Verfasser/-in</marc:subfield>
   </marc:datafield>
   <marc:datafield ind1=" " ind2=" " tag="653">
      <marc:subfield code="a">Geschichte</marc:subfield>
   </marc:datafield>
   <marc:datafield ind1=" " ind2=" " tag="653">
      <marc:subfield code="a">Hexen</marc:subfield>
   </marc:datafield>
   <marc:datafield ind1=" " ind2=" " tag="653">
      <marc:subfield code="a">Frauenschicksal</marc:subfield>
   </marc:datafield>
   <marc:datafield ind1=" " ind2=" " tag="653">
      <marc:subfield code="a">Mittelalter</marc:subfield>
   </marc:datafield>
   <marc:datafield ind1=" " ind2=" " tag="653">
      <marc:subfield code="a">Geschichtsforschung</marc:subfield>
   </marc:datafield>
   <marc:datafield ind1=" " ind2=" " tag="653">
      <marc:subfield code="a">Hexerei Motiv</marc:subfield>
   </marc:datafield>
   <marc:datafield ind1="0" ind2="0" tag="245">
      <marc:subfield code="a">Hexen im Mittelalter</marc:subfield>
   </marc:datafield>
   <marc:datafield ind1="0" ind2="0" tag="245">
      <marc:subfield code="b">eine illustrierte Geschichte der Hexen und ihrer Verfolger</marc:subfield>
   </marc:datafield>
   <marc:datafield ind1=" " ind2="1" tag="264">
      <marc:subfield code="b">Edition XXL GmbH</marc:subfield>
      <marc:subfield code="c">2005</marc:subfield>
   </marc:datafield>
   <marc:datafield ind1="1" ind2=" " tag="520">
      <marc:subfield code="a">Geografie und Geschichte der Hexenverfolgungen, die Europa im Mittelalter in einen gewaltigen Scheiterhaufen zu verwandeln schienen.  Spannendes Archivmaterial über die Magier, die in den mittelalterlichen Dörfern die Funktion des Heilers innehatten und für gute Ernten sorgten. Faszinierende Erforschung der Wurzeln des Hexenglaubens, die weit in die Mythen alter Völker zurückreichen. Einführung in das magische Weltbild, das die Glaubenvorstellung der Menschen über Jahrtausende prägte. Erstaunliche Parallelen zwischen der Welt europäischer Hexen und der Schamanen, die noch heute existieren. *amazon.de*

¬Das¬ magische Weltbild in Mythos und Religion; Hexen und ihre Helfer; Hexen im Mittelalter und in der Neuzeit; Hexenverfolgung.</marc:subfield>
   </marc:datafield>
   <marc:datafield ind1=" " ind2=" " tag="020">
      <marc:subfield code="a">9783897363212</marc:subfield>
      <marc:subfield code="9">9783897363212</marc:subfield>
   </marc:datafield>
</marc:record>
